Strata práce a jej vplyv na jednotlivca a rodinu

Nezamestnanosť z hľadiska vývoja osobnosti.Posúdenie vzťahu nezamestnanosti a rodiny, podmienkami života rodiny s nezamestnaným členom, jednotlivcom, keď ho zasiahne strata zamestnania. Psychologické a sociálne faktory sprevadzajúce nezamestnanosť.

Na minha lista:
Detalhes bibliográficos
Autor principal: Španková, Jana
Formato: Capítulo de Livro
Idioma:eslovaco
Assuntos:
Tags: Adicionar Tag
Sem tags, seja o primeiro a adicionar uma tag!

MARC

LEADER 00000naa$a2200000$$$4500
001 0031513
005 20231106081933.8
041 0 |a slo 
044 |a SK 
245 1 0 |a Strata práce a jej vplyv na jednotlivca a rodinu  |c Jana Španková 
520 |a Nezamestnanosť z hľadiska vývoja osobnosti.Posúdenie vzťahu nezamestnanosti a rodiny, podmienkami života rodiny s nezamestnaným členom, jednotlivcom, keď ho zasiahne strata zamestnania. Psychologické a sociálne faktory sprevadzajúce nezamestnanosť. 
610 2 0 |a nezamestnanosť 
610 2 0 |a politika zamestnanosti 
610 2 0 |a úroveň životná 
610 2 0 |a rodina 
610 2 0 |a podmienky životné 
610 2 0 |a práca 
610 2 0 |a psychológia 
100 1 |a Španková, Jana